000
00347pab a2200157 454500
008
180718b1987 xxu||||| |||| 00| 0 eng d
100
_a
Sinha, Taraatap Kisore
245
_a
Ethics in advertising
260
_c
1987
300
_a
6-7
362
_a
May-June
650
_a
Tribe
650
_a
Advertisingstem
773
_a
Vidura
909
_a
3312
999
_c
3312
_d
3312